<?xml version="1.0" encoding="UTF-8"?>
<record
    xmlns:xsi="http://www.w3.org/2001/XMLSchema-instance"
    xsi:schemaLocation="http://www.loc.gov/MARC21/slim http://www.loc.gov/standards/marcxml/schema/MARC21slim.xsd"
    xmlns="http://www.loc.gov/MARC21/slim">

  <leader>00735cam a2200241 i 4500</leader>
  <controlfield tag="001">19988481</controlfield>
  <controlfield tag="005">20171121102316.0</controlfield>
  <controlfield tag="008">170912s2009    tu a     b    001 0 eng  </controlfield>
  <datafield tag="020" ind1=" " ind2=" ">
    <subfield code="a">9751730176</subfield>
  </datafield>
  <datafield tag="020" ind1=" " ind2=" ">
    <subfield code="a">9751730724 v.1</subfield>
  </datafield>
  <datafield tag="020" ind1=" " ind2=" ">
    <subfield code="a">9751730732 v.2</subfield>
  </datafield>
  <datafield tag="040" ind1=" " ind2=" ">
    <subfield code="c">PK-LaUMT</subfield>
  </datafield>
  <datafield tag="082" ind1=" " ind2=" ">
    <subfield code="a">TRC 956.1015</subfield>
    <subfield code="b">OTT-</subfield>
  </datafield>
  <datafield tag="245" ind1="1" ind2="0">
    <subfield code="a">Ottoman civilization /</subfield>
    <subfield code="c">editors: Halil Inalc&#x131;k, G&#xFC;nsel Renda  ; translation: Ellen Yazar</subfield>
  </datafield>
  <datafield tag="250" ind1=" " ind2=" ">
    <subfield code="a">2nd ed.</subfield>
  </datafield>
  <datafield tag="260" ind1=" " ind2=" ">
    <subfield code="a">Turkey :</subfield>
    <subfield code="b">Ministry of Culture and Tourism,</subfield>
    <subfield code="c">2004</subfield>
  </datafield>
  <datafield tag="300" ind1=" " ind2=" ">
    <subfield code="a">2 volumes (1166 p.) :</subfield>
    <subfield code="b">color illustrations (739) ;</subfield>
    <subfield code="c">30 cm</subfield>
  </datafield>
  <datafield tag="700" ind1="1" ind2=" ">
    <subfield code="a">&#x130;nalc&#x131;k, Halil,</subfield>
  </datafield>
  <datafield tag="700" ind1="1" ind2=" ">
    <subfield code="a">Renda, G&#xFC;nsel.</subfield>
  </datafield>
  <datafield tag="700" ind1="1" ind2=" ">
    <subfield code="a">Yazar, Ellen.</subfield>
  </datafield>
  <datafield tag="700" ind1="1" ind2=" ">
    <subfield code="a">I&#x15F;&#x131;n, Priscilla Mary.</subfield>
  </datafield>
  <datafield tag="942" ind1=" " ind2=" ">
    <subfield code="c">TRC</subfield>
  </datafield>
  <datafield tag="999" ind1=" " ind2=" ">
    <subfield code="c">100152</subfield>
    <subfield code="d">100152</subfield>
  </datafield>
  <datafield tag="952" ind1=" " ind2=" ">
    <subfield code="0">0</subfield>
    <subfield code="1">0</subfield>
    <subfield code="4">0</subfield>
    <subfield code="7">0</subfield>
    <subfield code="a">01</subfield>
    <subfield code="b">01</subfield>
    <subfield code="d">2017-11-21</subfield>
    <subfield code="l">1</subfield>
    <subfield code="o">TRC 956.1015 OTT-</subfield>
    <subfield code="p">116001</subfield>
    <subfield code="r">2019-07-23 00:00:00</subfield>
    <subfield code="s">2019-07-09</subfield>
    <subfield code="t">V.1</subfield>
    <subfield code="w">2017-11-21</subfield>
    <subfield code="y">TRC</subfield>
  </datafield>
  <datafield tag="952" ind1=" " ind2=" ">
    <subfield code="0">0</subfield>
    <subfield code="1">0</subfield>
    <subfield code="4">0</subfield>
    <subfield code="7">0</subfield>
    <subfield code="a">01</subfield>
    <subfield code="b">01</subfield>
    <subfield code="d">2017-11-21</subfield>
    <subfield code="l">0</subfield>
    <subfield code="o">TRC 956.1015 OTT-</subfield>
    <subfield code="p">116002</subfield>
    <subfield code="r">2017-11-21 00:00:00</subfield>
    <subfield code="t">V.2</subfield>
    <subfield code="w">2017-11-21</subfield>
    <subfield code="y">TRC</subfield>
  </datafield>
</record>
